Limitaciones para el uso correcto del sistema internacional de unidades (SI) en el sector publico costarricense
Salvato in:
| Autore principale: | |
|---|---|
| Altri autori: | |
| Natura: | Libro |
| Lingua: | Spanish |
| Pubblicazione: |
San José, Costa Rica] : Universidad de Costa Rica, [Facultad de Ingeniería], Instituto de Investigaciones en Ingeniería, Laboratorio de Metrología, Normalización y Calidad
2006
|
| Tags: |
Aggiungi Tag
Nessun Tag, puoi essere il primo ad aggiungerne!!
|
MARC
| LEADER | 00000nam a2200000Ia 4500 | ||
|---|---|---|---|
| 003 | PI0278 | ||
| 005 | 20240125151026.0 | ||
| 008 | 140114s2006 cr a 000 ||spa d | ||
| 040 | |c cru CEDI | ||
| 100 | |a Solano Sánchez, Paula, 1976- |9 2216 | ||
| 245 | |a Limitaciones para el uso correcto del sistema internacional de unidades (SI) en el sector publico costarricense | ||
| 260 | |a San José, Costa Rica] : Universidad de Costa Rica, [Facultad de Ingeniería], Instituto de Investigaciones en Ingeniería, Laboratorio de Metrología, Normalización y Calidad |c 2006 | ||
| 500 | |a Informe final proyecto de investigación, no. 731-B3-369 | ||
| 700 | |a Marín Rodríguez, José Eduardo, 1983- |9 2220 | ||
| 942 | |c PI |h PI 278 |i PI0278 |6 PI_278_000000000000000_PI0278 | ||
| 999 | |c 12595 |d 12595 | ||
